FIELD RESEARCH IN POLITICAL SCIENCE PRAC (Record no. 28444)

MARC details
000 -LEADER
fixed length control field 00331nam a2200121Ia 4500
008 - FIXED-LENGTH DATA ELEMENTS--GENERAL INFORMATION
fixed length control field 240624s9999 xx 000 0 und d
041 ## - LANGUAGE CODE
Language code of text/sound track or separate title eng
082 ## - DEWEY DECIMAL CLASSIFICATION NUMBER
Classification number 320.072 KAP
100 ## - MAIN ENTRY--PERSONAL NAME
Personal name KAPISZEWSKI DIANA
245 ## - TITLE STATEMENT
Title FIELD RESEARCH IN POLITICAL SCIENCE PRAC
260 ## - PUBLICATION, DISTRIBUTION, ETC.
Date of publication, distribution, etc. 2015
Place of publication, distribution, etc. Cambridge
Name of publisher, distributor, etc. Cambridge University Press
365 ## - TRADE PRICE
Currency code BPS
Price amount 30
Holdings
Withdrawn status Lost status Damaged status Not for loan Home library Current library Shelving location Date acquired Source of acquisition Cost, normal purchase price Full call number Barcode Date last seen Copy number Price effective from Koha item type
        IMTN IMTN Rack 5-B 01/02/2017 MB 25.99 320.072 KAP 28444 06/24/2024 88.9 06/24/2024 Books
Designed & Maintained by: LRC IMT Nagpur Contact: lrc@imtnag.ac.in© 2024. All Rights Reserved.